Les dinosaures de fiction par images - Statistiques

Statistiques générales
  • Ce quiz a été pris 159 fois
  • Le résultat moyen est 6 sur 16
Statistiques - réponses
Par images Réponse % Correct
Yoshi
97%
Godzilla
82%
Denver
78%
Casimir
75%
Rex
69%
Petit-Pied
64%
Arlo
52%
Indominus Rex
36%
Charkos
28%
Aladar
16%
Gon
9%
Trixie
8%
Photographie Raptor
6%
Monsieur Dinosaure
5%
Buddy
3%
Tom
0%
Aucun quiz correspondant
Distribution des résultats
% des personnes avec chaque résultat
Percentile par nombre de réponses
Votre historique - résultats
Vous n’avez pas pris ce quiz